Holiday Quiz

Random Holiday or Christmas Quiz

Grinch or Skellington? Quiz Stats

 Plays Quiz Updated Oct 27, 2017

Score 0/20 Timer 05:00
0 Plays Today
Word Grinch (G) or Skellington (S) % Correct
Stunk???
83.9%
Termites???
80.6%
Nasty???
80.5%
Scream???
79.2%
Banana???
77.7%
Eel???
76.7%
Cactus???
72.1%
Heart???
69.7%
Special???
64.1%
Love???
64%
Word Grinch (G) or Skellington (S) % Correct
Soul???
60.2%
Strange???
60%
Tomato???
57.2%
Skin???
55.3%
Hair???
54.4%
Snakes???
53.8%
Monster???
53.3%
Sweetness???
46.3%
Teeth???
40.5%
Green???
23.1%

You're not logged in!

Compare scores with friends on all Sporcle quizzes.
OR
Log In

You Might Also Like...

Show Comments

Extras

Top Quizzes Today


Score Distribution

Your Account Isn't Verified!

In order to create a playlist on Sporcle, you need to verify the email address you used during registration. Go to your Sporcle Settings to finish the process.

Report this User

Report this user for behavior that violates our Community Guidelines.

Details: